SEP - Príloha pre právnu prax a judikatúra

Gespeichert in:
Bibliographische Detailangaben
Format: Schriftenreihe
Sprache:Slowakisch
Veröffentlicht: Bratislava Nadácia pre slovenskú a európsku spoluprácu 2000
Tags: Tag hinzufügen
Keine Tags, Fügen Sie das erste Tag hinzu!

MARC

LEADER 00000nas2a2200000 4500
001 s124846
005 20250912104014.0
041 0 |a slo 
044 |a SK 
245 1 0 |a SEP - Príloha pre právnu prax a judikatúra 
264 1 |a Bratislava  |b Nadácia pre slovenskú a európsku spoluprácu  |c 2000 
300 |a 1 zv.